| 000 | 00901nam a22002535a 4500 | ||
|---|---|---|---|
| 003 | OSt | ||
| 005 | 20170404110302.0 | ||
| 008 | 170404s2013 ua frb 000 0 ara d | ||
| 015 | _a2013 / 7722 | ||
| 020 | _a9789770472767 | ||
| 040 |
_aEG-ScBUE _bara _cEG-ScBUE |
||
| 043 | _af-ua--- | ||
| 082 | 0 | 4 |
_a345.6202552 _bص ر ا _222 |
| 100 | 1 | _aصرارعي، مصطفى محمد أحمد. | |
| 245 | 1 | 0 |
_aجريمة السرقة بالإكراه : _bدراسة تحليلية مقارنة / _cمصطفى محمد أحمد الصرارعي. |
| 250 | _aط. 1. | ||
| 260 |
_aالقاهرة : _bدار النهضة العربية، _c2013. |
||
| 300 |
_a637 ص. ؛ _c24 سم. |
||
| 504 | _aيشتمل على إرجاعات ببليوجرافية. | ||
| 650 | 7 |
_aجرائم السرقة _xقوانين وتشريعات _zمصر. _2BUEsh |
|
| 651 | _2BUEsh | ||
| 653 |
_bLLAAWW _cApril2017 |
||
| 942 | _2ddc | ||
| 999 |
_c24599 _d24571 |
||